| 000 | 01182cam a22003254a 4500 | ||
|---|---|---|---|
| 999 |
_c532999 _d532999 |
||
| 001 | 13274605 | ||
| 003 | NUST | ||
| 005 | 20191210101629.0 | ||
| 008 | 030714s2004 enka b 001 0 eng | ||
| 010 | _a 2003015957 | ||
| 020 | _a1405107863 (Hardback : alk. paper) | ||
| 038 | _aMSOHAIL | ||
| 040 |
_aDLC _cDLC _dDLC |
||
| 042 | _apcc | ||
| 050 | 0 | 0 |
_aTH437 _b.W5 2004 |
| 082 | 0 | 0 |
_a692.5 _222 |
| 100 | 1 |
_aBoussabaine, Halim A. _926651 |
|
| 245 | 1 | 0 |
_aWhole life-cycle costing : _brisk and risk responses / _cHalim A. Boussabaine and Richard J. Kirkham. |
| 260 |
_aOxford, UK ; _aMalden, MA : _bBlackwell Pub., _c2004. |
||
| 300 |
_axii, 246 p. : _bill. ; _c26 cm. |
||
| 504 | _aIncludes bibliographical references and index. | ||
| 650 | 0 |
_aBuilding _xEstimates. _97436 |
|
| 650 | 0 |
_aBuilding _xCost control. _924737 |
|
| 650 | 0 |
_aLife cycle costing. _926066 |
|
| 700 | 1 |
_aKirkham, Richard J. _926652 |
|
| 856 | 4 | 1 |
_3Table of contents _uhttp://www.loc.gov/catdir/toc/ecip046/2003015957.html |
| 906 |
_a7 _bcbc _corignew _d1 _eecip _f20 _gy-gencatlg |
||
| 942 |
_2ddc _cBK |
||